| 000 | 00343 a2200133 4500 | ||
|---|---|---|---|
| 082 | _a297.14 | ||
| 090 |
_c3245 _d3245 |
||
| 100 | _aAhmad, Shamas-ud-Din. | ||
| 245 |
_aQanoon-e-Shariat _cShamas-ud-Din Ahmad. |
||
| 260 |
_aRawalpindi : _bMaktabah Ziaya, _c1988. |
||
| 300 |
_a544 p. ; _c24 cm. |
||
| 650 | _aIslamic laws. | ||
| 942 |
_cBK _k297.14 AHM |
||
| 999 |
_c7159 _d7159 |
||